Die polizeiliche Zusammenarbeit mit V-Personen: eine Untersuchung von Führungskonzepten und Motivationsstrukturen
| Main Author: | |
|---|---|
| Format: | Print Book |
| Language: | German |
| Published: |
Heidelberg
Kriminalistik-Verl.
1992
|
| In: |
Kriminalistik (27)
Year: 1992 |
| Availability in Tübingen: | Present in Tübingen. IFK: J III 126 |
| Check availability: | HBZ Gateway |
| Subito Delivery Service: | Order now. |
| Keywords: |
MARC
| LEADER | 00000cam a2200000 c 4500 | ||
|---|---|---|---|
| 001 | 117866318 | ||
| 003 | DE-627 | ||
| 005 | 20251129021514.0 | ||
| 007 | tu | ||
| 008 | 921223s1992 gw ||||| m 00| ||ger c | ||
| 015 | |a 92,N28,0102 |2 dnb | ||
| 015 | |a 92,A39,0445 |2 dnb | ||
| 016 | 7 | |a 920877850 |2 DE-101 | |
| 020 | |a 3783205921 |c : DM 78.00 (kart.) |9 3-7832-0592-1 | ||
| 035 | |a (DE-627)117866318 | ||
| 035 | |a (DE-576)029280826 | ||
| 035 | |a (DE-599)GBV117866318 | ||
| 035 | |a (OCoLC)260210066 | ||
| 040 | |a DE-627 |b ger |c DE-627 |e rakwb | ||
| 041 | |a ger | ||
| 044 | |c XA-DE | ||
| 050 | 0 | |a IN PROCESS | |
| 084 | |a 19 |2 sdnb | ||
| 084 | |a PH 9000 |2 rvk |0 (DE-625)rvk/136529: | ||
| 084 | |a PH 4950 |2 rvk |0 (DE-625)rvk/136165: | ||
| 084 | |a 86.54 |2 bkl | ||
| 100 | 1 | |a Scherp, Dirk |d 1957- |0 (DE-588)1052558313 |0 (DE-627)788617079 |0 (DE-576)169279537 |4 aut | |
| 109 | |a Scherp, Dirk 1957- | ||
| 245 | 1 | 4 | |a Die polizeiliche Zusammenarbeit mit V-Personen |b eine Untersuchung von Führungskonzepten und Motivationsstrukturen |c von Dirk Scherp |
| 246 | 3 | 3 | |a V-Personen als Ermittlungsmethode und Beweismittel im Strafverfahren |
| 264 | 1 | |a Heidelberg |b Kriminalistik-Verl. |c 1992 | |
| 300 | |a XIV, 148 S. |c 21 cm | ||
| 336 | |a Text |b txt |2 rdacontent | ||
| 337 | |a ohne Hilfsmittel zu benutzen |b n |2 rdamedia | ||
| 338 | |a Band |b nc |2 rdacarrier | ||
| 490 | 1 | |a Kriminalistik - Wissenschaft & [und] Praxis |v 27 | |
| 502 | |a Zugl.: Mainz, Univ., Diss., 1991 u.d.T.: Scherp, Dirk: V-Personen als Ermittlungsmethode und Beweismittel im Strafverfahren | ||
| 583 | 1 | |a Archivierung/Langzeitarchivierung gewährleistet |f PEBW |x XA-DE-BW |2 pdager |5 DE-31 | |
| 583 | 1 | |a Archivierung prüfen |c 20240324 |f DE-4165 |z 2 |2 pdager | |
| 655 | 7 | |a Hochschulschrift |0 (DE-588)4113937-9 |0 (DE-627)105825778 |0 (DE-576)209480580 |2 gnd-content | |
| 689 | 0 | 0 | |d s |0 (DE-588)4117389-2 |0 (DE-627)105799688 |0 (DE-576)209509503 |a V-Mann |2 gnd |
| 689 | 0 | 1 | |d s |0 (DE-588)4046602-4 |0 (DE-627)104806265 |0 (DE-576)20907020X |a Polizeieinsatz |2 gnd |
| 689 | 0 | |5 DE-101 | |
| 751 | |a Mainz |0 (DE-588)4037124-4 |0 (DE-627)106239201 |0 (DE-576)209022329 |4 uvp | ||
| 830 | 0 | |a Kriminalistik |v 27 |9 27 |w (DE-627)130302007 |w (DE-576)007244851 |w (DE-600)582209-9 |7 am | |
| 935 | |i Blocktest | ||
| 936 | r | v | |a PH 9000 |b Polizeiliche Aufklärung und Polizeitaktik; Aufklärung <Kriminologie>; Kriminalistik |k Rechtswissenschaft |k Strafrecht, Strafverfahrensrecht, Kriminologie |k Kriminologie |k Strafverfahren und Strafvollzug; Empirische Bezugswissenschaften zur Kriminalrechtspflege; Forschung zu strafrechtlicher Sozialkontrolle |k Polizeiliche Aufklärung und Polizeitaktik; Aufklärung <Kriminologie>; Kriminalistik |0 (DE-627)1271966085 |0 (DE-625)rvk/136529: |0 (DE-576)201966085 |
| 936 | r | v | |a PH 4950 |b V-Leute und verdeckte Ermittler |k Rechtswissenschaft |k Strafrecht, Strafverfahrensrecht, Kriminologie |k Strafverfahrensrecht |k Zwangsmassnahmen und sonstige Eingriffsbefugnisse |k V-Leute und verdeckte Ermittler |0 (DE-627)1271646897 |0 (DE-625)rvk/136165: |0 (DE-576)201646897 |
| 936 | b | k | |a 86.54 |j Polizeirecht |j Ordnungsrecht |0 (DE-627)106422308 |
| 951 | |a BO | ||
| ELC | |b 1 | ||
| LOK | |0 000 xxxxxcx a22 zn 4500 | ||
| LOK | |0 001 313025675X | ||
| LOK | |0 003 DE-627 | ||
| LOK | |0 004 117866318 | ||
| LOK | |0 005 20020607000000 | ||
| LOK | |0 008 930413||||||||||||||||ger||||||| | ||
| LOK | |0 040 |a DE-21-110 |c DE-627 |d DE-21-110 | ||
| LOK | |0 852 |a DE-21-110 | ||
| LOK | |0 852 1 |c J III 126 |m p |9 00 | ||
| LOK | |0 935 |a k110 | ||
| LOK | |0 936ln |a 4.5.1.4 | ||
| LOK | |0 938 |k p | ||
| LOK | |0 939 |a 13-04-93 |b l01 | ||
| ORI | |a SA-MARC-krimdoka001.raw | ||
| SIG | |a IFK: J III 126 | ||
